| 000 | 00443nam a2200169 a 4500 | ||
|---|---|---|---|
| 001 | 0000-8618 | ||
| 003 | ELIB.Books | ||
| 008 | 110520 2008 | ||
| 035 | _a(ELIB.Books)0000-8764 | ||
| 082 |
_aM.Div _bRay |
||
| 100 | _aRay Mu Dee, Naw | ||
| 245 | _aThe Wisdom of Israel in Proverbs | ||
| 260 |
_bInsein: Karen Baptist Theological Seminary _c2008 |
||
| 650 | _aThesis | ||
| 942 |
_2ddc _cBK |
||
| 998 |
_cbat _e2011-05-20 |
||
| 999 |
_c8618 _d8618 |
||